| 000 | 00504cam a22001457a 4500 | ||
|---|---|---|---|
| 008 | 180718b1987 xxu||||| |||| 00| 0 eng d | ||
| 082 | _aZ2x54 D26 | ||
| 100 | _aOjha, Ghanshyam Das | ||
| 245 |
_aOrganisation and management of public distribution system _cby Ghanshyam Das Ojha |
||
| 260 |
_aDelhi _bMittal _c1987 |
||
| 300 | _a235p. | ||
| 650 | _aMarketing --India --Management | ||
| 650 | _aFood supply --Government policy --India | ||
| 650 | _aPhysical distribution of goods --Government policy --India | ||
| 999 |
_c343496 _d343496 |
||